Statistics for Countries Producing the Most Beef

Click here to take the quiz!

General Stats

  • This quiz has been taken 821 times
  • The average score is 16 of 20

Answer Stats

1000 tonnescountry% Correct
11,470United States
99%
6997China
97%
9284Brazil
94%
1619Russia
94%
912United Kingdom
94%
1458France
93%
2644Argentina
92%
1155Germany
92%
909India
91%
1879Mexico
91%
1133Canada
89%
635Spain
89%
2361Australia
86%
791Italy
83%
988Turkey
65%
1109South Africa
64%
673New Zealand
63%
922Pakistan
62%
828Colombia
61%
895Uzbekistan
9%

Score Distribution

Percentile by Number Answered

Percent of People with Each Score

Your Score History

You have not taken this quiz